<?xml version="1.0" encoding="UTF-8"?><?xml-stylesheet type="text/xsl" href="static/style.xsl"?><OAI-PMH xmlns="http://www.openarchives.org/OAI/2.0/" xmlns:xsi="http://www.w3.org/2001/XMLSchema-instance" xsi:schemaLocation="http://www.openarchives.org/OAI/2.0/ http://www.openarchives.org/OAI/2.0/OAI-PMH.xsd"><responseDate>2026-04-27T19:56:40Z</responseDate><request verb="GetRecord" identifier="oai:uvadoc.uva.es:10324/70064" metadataPrefix="marc">https://uvadoc.uva.es/oai/request</request><GetRecord><record><header><identifier>oai:uvadoc.uva.es:10324/70064</identifier><datestamp>2024-09-20T19:01:22Z</datestamp><setSpec>com_10324_2555</setSpec><setSpec>col_10324_2556</setSpec></header><metadata><record xmlns="http://www.loc.gov/MARC21/slim" xmlns:doc="http://www.lyncode.com/xoai" xmlns:xsi="http://www.w3.org/2001/XMLSchema-instance" xmlns:dcterms="http://purl.org/dc/terms/" xsi:schemaLocation="http://www.loc.gov/MARC21/slim http://www.loc.gov/standards/marcxml/schema/MARC21slim.xsd">
<leader>00925njm 22002777a 4500</leader>
<datafield tag="042" ind1=" " ind2=" ">
<subfield code="a">dc</subfield>
</datafield>
<datafield tag="720" ind1=" " ind2=" ">
<subfield code="a">Blanco García, Yurima</subfield>
<subfield code="e">author</subfield>
</datafield>
<datafield tag="260" ind1=" " ind2=" ">
<subfield code="c">2023</subfield>
</datafield>
<datafield tag="520" ind1=" " ind2=" ">
<subfield code="a">Taller realizado el 20 de octubre de 2023 que forma parte del Proyecto de Innovación Docente:&#xd;
Creación sonora y competencias transversales en la formación de maestra/os:&#xd;
proyectos colaborativos con Soundcool. El taller está dirigido al alumnado de tercer curso del Grado en Educación Primaria y del Programa de Doble Titulación Oficial del Grado en Educación Primaria e Infantil y se extenderá al resto de las asignaturas de música y plástica del 2.º curso de los Grados de Educación con el objetivo de fomentar habilidades STEAM y competencias transversales en la/los futura/os maestra/os.</subfield>
</datafield>
<datafield tag="024" ind2=" " ind1="8">
<subfield code="a">https://uvadoc.uva.es/handle/10324/70064</subfield>
</datafield>
<datafield tag="245" ind1="0" ind2="0">
<subfield code="a">PID_23_24_022_Anexo 1</subfield>
</datafield>
</record></metadata></record></GetRecord></OAI-PMH>